The Islamic gold dinar / (Record no. 6)
[ view plain ]
| 000 -LEADER | |
|---|---|
| fixed length control field | 01482nam a2200373 4500 |
| 003 - CONTROL NUMBER IDENTIFIER | |
| control field | AKMAL |
| 005 - DATE AND TIME OF LATEST TRANSACTION | |
| control field | 20170412112631.0 |
| 008 - FIXED-LENGTH DATA ELEMENTS--GENERAL INFORMATION | |
| fixed length control field | 170412s2002 myb 00 eng d |
| 020 ## - INTERNATIONAL STANDARD BOOK NUMBER | |
| International Standard Book Number | 9679788253: |
| Terms of availability | RM59.00 |
| 040 ## - CATALOGING SOURCE | |
| Original cataloging agency | AKMAL |
| 082 04 - DEWEY DECIMAL CLASSIFICATION NUMBER | |
| Classification number | 332.46091724 |
| Edition number | 21 |
| 090 00 - LOCALLY ASSIGNED LC-TYPE CALL NUMBER (OCLC); LOCAL CALL NUMBER (RLIN) | |
| Classification number (OCLC) (R) ; Classification number, CALL (RLIN) (NR) | 332.46091724 |
| Local cutter number (OCLC) ; Book number/undivided call number, CALL (RLIN) | MEE |
| 100 1# - MAIN ENTRY--PERSONAL NAME | |
| Personal name | Meera, Ahamed Kameel Mydin |
| 9 (RLIN) | 29 |
| 245 14 - TITLE STATEMENT | |
| Title | The Islamic gold dinar / |
| Statement of responsibility, etc. | Ahamed Kameel Mydin Meera |
| 260 ## - PUBLICATION, DISTRIBUTION, ETC. | |
| Place of publication, distribution, etc. | Subang Jaya : |
| Name of publisher, distributor, etc. | Pelanduk Publications, |
| Date of publication, distribution, etc. | 2002 |
| 300 00 - PHYSICAL DESCRIPTION | |
| Extent | xii, 118p. : |
| Other physical details | ill. ; |
| Dimensions | 23cm |
| 500 ## - GENERAL NOTE | |
| General note | Includes index |
| 504 ## - BIBLIOGRAPHY, ETC. NOTE | |
| Bibliography, etc. note | Bibliography: p. 111-113 |
| 650 #0 - SUBJECT ADDED ENTRY--TOPICAL TERM | |
| Topical term or geographic name entry element | Monetary policy |
| Geographic subdivision | Developing countries |
| 9 (RLIN) | 30 |
| 650 #0 - SUBJECT ADDED ENTRY--TOPICAL TERM | |
| Topical term or geographic name entry element | Financial instruments |
| Geographic subdivision | Developing countries |
| 9 (RLIN) | 31 |
| 650 #0 - SUBJECT ADDED ENTRY--TOPICAL TERM | |
| Topical term or geographic name entry element | Banks and banking |
| General subdivision | Religious aspects |
| -- | Islam |
| Geographic subdivision | Developing countries |
| 9 (RLIN) | 32 |
| 942 ## - ADDED ENTRY ELEMENTS (KOHA) | |
| Source of classification or shelving scheme | |
| Koha item type | Book |
| Withdrawn status | Lost status | Source of classification or shelving scheme | Damaged status | Not for loan | Collection code | Home library | Current library | Shelving location | Date acquired | Inventory number | Total Checkouts | Total Renewals | Full call number | Barcode | Date last seen | Date last checked out | Price effective from | Koha item type |
|---|---|---|---|---|---|---|---|---|---|---|---|---|---|---|---|---|---|---|
| NON-FICTION | AKMAL Melaka | AKMAL Melaka | PINJAMAN | 12.04.2017 | 303629 | 5 | 4 | 332.46091724 AHA | 201700006 | 24.08.2018 | 13.04.2018 | 12.04.2017 | Book |
